On This Day: July 8th Quiz Stats

 Plays Quiz Updated Jul 8, 2017

Support Sporcle.
Go Orange.
Score 0/7 Timer 03:00
0 Plays Today
Question Answer Wrong Answers
Charles II of England grants John Clarke a Royal charter to this colony, now the smallest state by land area.
1663
Rhode Island
87.5%
Connecticut
1.8%
Delaware
8.5%
Vermont
2.2%
The ______ Industrial Average reaches its lowest level of the Great Depression.
1932
Dow Jones
81.6%
NASDAQ
8%
S&P 500
3%
Russell 3000
1.8%
The first issues of this American business-focused newspaper is published.
1889
The Wall Street Journal
80.2%
Financial Times
4.5%
The Economist
4.1%
Forbes
6.2%
This American businessman, the founder of the Standard Oil Company, is born.
1839
John D. Rockefeller
77.7%
Andrew Carnegie
6.6%
J. P. Morgan
8.5%
Cornelius Vanderbilt
4.6%
The Perry Expedition arrives in Edo Bay with a treaty requesting trade. The expedition would lead to the establishment of diplomatic relations between ______ and the ‘western powers’.
1853
Japan
68.5%
China
22.5%
Vietnam
2.6%
Thailand
2.5%
This man begins to assume supreme leadership of North Korea following the death of his father.
1994
Kim Jong-il
57.7%
Kim Il-sung
7.5%
Kim Jong-un
27.8%
Kim Jong-nam
1%
This Space Shuttle, which was named after an oceanic research vessel, is launched in the final mission of the US Space Shuttle program.
2011
Atlantis
43.9%
Columbia
8.8%
Challenger
12.4%
Discovery
28.6%

You're not logged in!

Compare scores with friends on all Sporcle quizzes.
OR
Log In
Forgot?

From the Vault

You're Not on the Team!

by Qaqaq

A player can be on whatever team they want, as long as they have a good enough pitch.
Remove Ads.
Support Sporcle.
Get the best of Sporcle when you Go Orange. This ad-free experience offers more features, more stats, and more fun while also helping to support Sporcle. Thank you for becoming a member.

Show Comments

Extras

Top Quizzes Today


Score Distribution

Your Account Isn't Verified!

In order to create a playlist on Sporcle, you need to verify the email address you used during registration. Go to your Sporcle Settings to finish the process.

Report this User

Report this user for behavior that violates our Community Guidelines.

Details: